Normal view
MARC view
- Glass houses and modern war
Entry Personal Name
001 - CONTROL NUMBER
- control field: 49647
003 - CONTROL NUMBER IDENTIFIER
- control field: NUST
005 - DATE AND TIME OF LATEST TRANSACTION
- control field: 20210314134412.0
008 - FIXED-LENGTH DATA ELEMENTS
- fixed length control field: 210314|| aca||aabn | a|a d
040 ## - CATALOGING SOURCE
- Original cataloging agency: NUST
- Transcribing agency: NUST
100 ## - HEADING--PERSONAL NAME
- Personal name: Glass houses and modern war
670 ## - SOURCE DATA FOUND
- Source citation: Work cat.: (NUST): Glass houses and modern war, Glass houses and modern war, 1938
